000
00215 a2200097 4500
001
10952
100
_a
James, E. O.
245
_a
Marriage and Souety
260
_a
_b
Hutchinson's University
_c
090
_c
8521
_d
8521
942
_a
NUST-CAE
_c
M
_c
35291
999
_c
246025
_d
246025